Smižančanka slávi 35 rokov

Bibliographic Details
Main Author: Furmanová, Natália (Author)
Format: Article
Language:Slovak
PhysicalDescription:Fotogr.
Subjects:

MARC

LEADER 00000nab a2200000 ar4500
001 vtls008624861
003 SK-MaSNL
005 20260305031025.0
008 060221c2005 xo mr|p|||||||000 b|slo
038 |a SNSK 
040 |b slo  |c SNSK  |e AACR2 
041 0 |a slo 
044 |a xo  |c SK 
080 |a 398.1  |2 UDC-MRF-SK2 
080 |a 793.31  |2 UDC-MRF-SK2 
080 |a 784.4  |2 UDC-MRF-SK2 
100 1 |a Furmanová, Natália  |4 aut  |9 1608575 
245 1 0 |a Smižančanka slávi 35 rokov  |c Natália Furmanová 
300 |b Fotogr. 
610 2 7 |a Smižančanka (folklórna skupina)  |2 snsk  |9 167900 
651 7 |a Smižany (Slovensko)  |2 snsk  |9 29314 
651 7 |a Spišská Nová Ves (Slovensko : okres)  |2 snsk  |9 22259 
773 0 |t Spišské hlasy  |g Roč. VI., č. 6 (2005), s. 6. 
852 |a SNSK  |b KIS3GCP 
999 |c 3314236  |d 3316166